ბათუმის შოთა რუსთაველის სახელმწიფო უნივერსიტეტის ბიბლიოთეკა

Jones and Sufrin;s EU competition law : (ბიბ.ჩანაწერი № 57749)

000 -LEADER
fixed length control field 00975cam a2200229 i 4500
001 - CONTROL NUMBER
control field 20909340
005 - DATE AND TIME OF LATEST TRANSACTION
control field 20221107170530.0
008 - FIXED-LENGTH DATA ELEMENTS--GENERAL INFORMATION
fixed length control field 190328s2019 enka b 001 0 eng
020 ## - INTERNATIONAL STANDARD BOOK NUMBER
International Standard Book Number 9780198824657x
041 ## - LANGUAGE CODE
Language code of text/sound track or separate title eng
080 ## - UNIVERSAL DECIMAL CLASSIFICATION NUMBER
Universal Decimal Classification number 341.217(4) J-76
100 1# - MAIN ENTRY--PERSONAL NAME
Personal name Jones, Alison
Dates associated with a name
9 (RLIN) 9668
245 10 - TITLE STATEMENT
Title Jones and Sufrin;s EU competition law :
Remainder of title text, cases, and materials /
Statement of responsibility, etc. Alison Jones, Solicitor, Professor of Law, King's College London and Brenda Sufrin, Solicitor, Emeritus Professor of Law, University of Bristol, Niamh Dunne, Solicitor, Associate Professor of Law, London School of Economics.
250 ## - EDITION STATEMENT
Edition statement Seventh edition.
264 #1 - PRODUCTION, PUBLICATION, DISTRIBUTION, MANUFACTURE, AND COPYRIGHT NOTICE
Place of production, publication, distribution, manufacture New York, NY
Name of producer, publisher, distributor, manufacturer Oxford University Press,
Date of production, publication, distribution, manufacture, or copyright notice [2019].
300 ## - PHYSICAL DESCRIPTION
Extent 1248 pages :
Other physical details illustrations ;
Dimensions 25 cm.
653 ## - INDEX TERM--UNCONTROLLED
keyword სამართალი
653 ## - INDEX TERM--UNCONTROLLED
keyword ევროკავშირი
700 1# - ADDED ENTRY--PERSONAL NAME
Personal name Sufrin, B. E.,
Relator term ავტორი
9 (RLIN) 9671
700 1# - ADDED ENTRY--PERSONAL NAME
Personal name Dunne, Niamh.,
Relator term ავტორი
9 (RLIN) 9672
942 ## - ADDED ENTRY ELEMENTS (KOHA)
Source of classification or shelving scheme
Koha item type წიგნი
ეგზემპლარები
Withdrawn status Lost status Source of classification or shelving scheme Damaged status Not for loan Permanent Location Current Location Shelving location Date acquired Cost, normal purchase price Full call number Barcode Date last seen Copy number Price effective from Koha item type Public note
          ბათუმის შოთა რუსთაველის სახელმწიფო უნივერსიტეტის მთავარი ბიბლიოთეკა ბათუმის შოთა რუსთაველის სახელმწიფო უნივერსიტეტის მთავარი ბიბლიოთეკა წიგნსაცავი 2020-10-22 159.00 341.217(4) J-76 61094 2020-10-22 61094 2020-10-22 წიგნი 159 ლ.